000 00806nam a22002055i 4500
001 165086
003 ES-MaACL
005 20250823004926.0
008 000117s1856 fr |||| | fre d
040 _aCAM
_bspa
_cCAM
100 1 _aScudo, P.
_9132600
245 1 0 _aCritique et littérature musicales /
_cpar P. Scudo.
250 _a3e éd.
260 _aParis :
_bLibrairie de L. Hachette et c\pie\s,
_c1856 (
_fImprimé par Henri Plon)
300 _a390 p. ;
_c18 cm.
594 1 _aEn port.: Première série.
650 7 _aMúsica
_2embne
_915376
852 _aES-MaACL
_jG-8550
_z-- Enc. hol.
_q-- Contiene únicamente "Deuxième série", 1859
_x-- Edic.: según BN Opale-plus la ed. completa es, " Premiére série" de 1856 y "Deuxième série" de 1859 (III, 544 p.)
999 _c165086
_d165086